| 000 | 00760nam a2200205Ia 4500 | ||
|---|---|---|---|
| 001 | 15869 | ||
| 003 | GE_BSU | ||
| 008 | 181216s||||||||xx |||||||||||||| ||und|| | ||
| 040 | _cGE_BSU | ||
| 080 | _a821.353.1-1 | ||
| 100 | _aჭელიძე, ოთარ | ||
| 245 | _aლექსები, ბალადები, პოემები. ტ.1 | ||
| 245 | _cწინას. ავტ.გ.ნატროშვილი.რედ.ც.ქაროსანიძე. მხ. გ.ქლიბაძე | ||
| 260 | _aთბილისი | ||
| 260 | _bმერანი | ||
| 260 | _c1976 | ||
| 300 | _a343 გვ. : 1 ფ. პორტრ. 20სმ | ||
| 653 | _aლექსები, ბალადები, პოემები | ||
| 942 | _cBK | ||
| 999 |
_c48966 _d48966 |
||